Evaluación y diseño del piso de azúcar (Medios de transporte, secador rotatorio y áreas de empaque) del ingenio Monte Rosa S.A
Presenta evaluación y diseño del piso de azúcar del Ingenio Monte Rosa, S.A, para ello se elaboró un estudio experimental del comportamiento de las variables que definen el proceso. Estudia los medios de transporte para determinar si las condiciones actuales son mayores o menores o se aproximan...
| Main Author: | |
|---|---|
| Other Authors: | |
| Format: | Tesis Section = Libro |
| Language: | Undetermined Spanish |
| Published: |
Managua
UNI
1998
|
| Subjects: |
| LEADER | 01826nam a2200241Ia 4500 | ||
|---|---|---|---|
| 008 | 240830s9999 xx 000 0 und d | ||
| 040 | |a BIBLIOTECA-RUSB/ Mon 660.28426 C957 | ||
| 041 | |a spa | ||
| 082 | |a Mon 660.28426 C957 | ||
| 100 | 1 | |a Cruz Salgado, Mildreed Genoveva | |
| 245 | 1 | 0 | |a Evaluación y diseño del piso de azúcar (Medios de transporte, secador rotatorio y áreas de empaque) del ingenio Monte Rosa S.A |
| 260 | |a Managua |b UNI |c 1998 | ||
| 300 | |a 142 p. :il. | ||
| 502 | |a Tesis (Ingeniero Químico) - UNI, 1998. | ||
| 520 | 3 | |a Presenta evaluación y diseño del piso de azúcar del Ingenio Monte Rosa, S.A, para ello se elaboró un estudio experimental del comportamiento de las variables que definen el proceso. Estudia los medios de transporte para determinar si las condiciones actuales son mayores o menores o se aproximan a la capacidad y potencia requeridas y para verificar si dichas condiciones fuesen de utilidad al elaborar una molienda proyectada de 6000 Tm c M plia. Evalúa el secador rotario para determinar la eficiencia del equipo. De los parámetros analizados se comprobó que la velocidad de rotación y el grado de inclinación del tambor tienen influencia sobre el tamaño del cristal. Describe un estudio en el área de empaque y se determinó que existen muchas fluctuaciones en el pesaje del azúcar con un error de más o menos ½ kg lo cual provoca pérdidas económicas a la empresa. Se realizó el diseño del piso de azúcar y se comparó con las condiciones de operación actuales. | |
| 650 | 7 | |a PROCEDIMIENTO DE EVAPORACION Y SECADO | |
| 650 | 7 | |b MEDIOS DE TRANSPORTE- AZUCAR | |
| 650 | 7 | |c INGENIOS DE AZUCAR-EMPAQUE | |
| 650 | 7 | |d INGENIERIA QUIMICA | |
| 700 | 1 | |a Tutor: |b Odio Castillo, Bernald | |
| 942 | |c BK |2 ddc | ||
| 991 | |a TESIS | ||
| 999 | |c 20642 | ||